000 01266nam a2200289 i 4500
003 EG-GICUC
005 20260221191351.0
008 260211s1999 ua ||||fr ||| 00| 0 ara d
040 _aEG-GICUC
_cEG-GICUC
_dEG-GICUC
_erda
_bara
041 0 _aara
082 0 4 _221
_a341.83
_bج م . ق
092 0 4 _221
099 _aLaw1 12 341.83 ج م . ق 1999
100 1 _aجمال محمود الكردي
_eمؤلف.
245 1 2 _aالقانون الفرنسي رقم 98/349 بشأن دخول و إقامة الأجانب في فرنسا و حق اللجزء :
_bنظرة علي استعدادات فرنسا الإيجابية في نطاق مركز الأجانب قبل مطلع شمس الألفية الثالثة /
_cجمال محمود الكردي .
264 0 _aمصر :
_bدار النهضة العربية,
_c1999 .
300 _a92 صفحة ؛
_c30 سم.
336 _atext
_2rda content
337 _aComputer
_2rda media
338 _aOnline Resource
_2rda carrier
546 _aالنص باللغة العربية
650 0 4 _aالقانون الدولي الخاص
650 0 4 _aالأجانب-مركز قانوني-قانون دولي
856 _uhttps://fll.law.cu.edu.eg/fulltext/th/B12-01725.pdf
905 _a59
942 _2ddc
_cBK
_e21
_n0
999 _c62537
_d62537